000 00308nam a22001337a 4500
008 180910b xxu||||| |||| 00| 0 eng d
020 _a9781439240786
041 _aeng
080 _a658
100 _a54
101 _aLID
245 _aCIO Leadership for Cities and Counties
_cShark, A.R
942 _2udc
_cBK
999 _c47638
_d47638